[Event "Osijek op 10th"]
[Site "Osijek"]
[Date "2017.02.25"]
[Round "5"]
[White "Zagorscak, Dino"]
[Black "Kejzar, Petra"]
[Result "1-0"]
[WhiteElo "1811"]
[BlackElo "2044"]
[PlyCount "83"]
[EventDate "2017.02.23"]
[EventType "swiss"]
[EventRounds "7"]
[EventCountry "CRO"]
[SourceTitle "EXT 2019"]
[Source "ChessBase"]
[SourceDate "2018.10.10"]
[SourceVersion "1"]
[SourceVersionDate "2018.10.10"]
[SourceQuality "1"]

1. e4 c5 2. Nc3 Nc6 3. f4 g6 4. Nf3 Bg7 5. g3 e6 6. Bg2 d6 7. 0-0 Nge7 8. Kh1 0-0 9. d3 Rb8 10. Ne2 b5 11. c3 f5 12. Qc2 Bb7 13. Be3 Qc8 14. Rfe1 c4 15. Nd2 cxd3 16. Qxd3 Rd8 17. Rac1 d5 18. e5 a5 19. Nb3 a4 20. Nbd4 Ba6 21. Nxc6 Nxc6 22. Nd4 Bf8 23. Bf1 b4 24. Qxa6 Qxa6 25. Bxa6 Nxd4 26. cxd4 b3 27. a3 Rb6 28. Bd3 Rdb8 29. Ra1 Be7 30. Kg2 Bf8 31. Kf2 Be7 32. Ke2 R6b7 33. Rec1 Bf8 34. Rc6 Rb6 35. Rxb6 Rxb6 36. Bd2 Kf7 37. Rc1 Rb7 38. Kd1 Be7 39. Rc8 Bxa3 40. bxa3 b2 41. Bb4 h6 42. Kc2 1-0

[Event "CRO-chT2 Ost"]
[Site "Croatia"]
[Date "2015.10.25"]
[Round "11.56"]
[White "Jozic, Zoran"]
[Black "Zagorscak, Dino"]
[Result "1-0"]
[WhiteElo "1949"]
[BlackElo "1728"]
[PlyCount "83"]
[EventDate "2015.04.25"]
[EventType "team-tourn"]
[EventRounds "11"]
[EventCountry "CRO"]
[SourceTitle "EXT 2016"]
[Source "ChessBase"]
[SourceDate "2015.10.08"]
[SourceVersion "1"]
[SourceVersionDate "2015.10.08"]
[SourceQuality "1"]

1. d4 d5 2. c4 e6 3. Nc3 Nf6 4. Bg5 Be7 5. Nf3 b6 6. e3 Bb7 7. Be2 0-0 8. Rc1 Nbd7 9. 0-0 c5 10. h3 cxd4 11. Nxd4 Ne5 12. cxd5 Nxd5 13. Bxe7 Qxe7 14. Qa4 Rfc8 15. Nxd5 Bxd5 16. Qa6 Bb7 17. Rxc8+ Bxc8 18. Qa4 Bd7 19. Qa6 Bc8 20. Qb5 Nd7 21. Bf3 a6 22. Qe2 e5 23. Nf5 Qf6 24. Bxa8 Qxf5 25. Rc1 Nc5 26. e4 Qg5 27. Rc3 Be6 28. b4 Na4 29. Rc2 b5 30. Bd5 Qe7 31. a3 Nb6 32. Bxe6 Qxe6 33. Qd3 h6 34. Rc3 Nc4 35. Rc1 Qb6 36. Kf1 Qd4 37. Qxd4 exd4 38. Ke2 Nxa3 39. Kd3 Nc4 40. Kxd4 a5 41. Rxc4 bxc4 42. b5 1-0

[Event "Osijek op"]
[Site "Osijek"]
[Date "2015.03.07"]
[Round "5"]
[White "Zagorscak, Dino"]
[Black "Truscek, Dubravko"]
[Result "0-1"]
[WhiteElo "1707"]
[BlackElo "1811"]
[PlyCount "116"]
[EventDate "2015.03.05"]
[EventType "swiss"]
[EventRounds "7"]
[EventCountry "CRO"]
[SourceTitle "CBM 165 Extra"]
[Source "ChessBase"]
[SourceDate "2015.04.21"]
[SourceVersion "1"]
[SourceVersionDate "2015.04.21"]
[SourceQuality "1"]

1. e4 b6 2. d4 Bb7 3. Bd3 Nf6 4. Qe2 e6 5. Nf3 c5 6. c3 a5 7. 0-0 Ba6 8. c4 d6 9. d5 e5 10. Nh4 Nxd5 11. exd5 Qxh4 12. f4 Nd7 13. Bf5 0-0-0 14. b3 g6 15. Bxd7+ Rxd7 16. Bb2 Bg7 17. Nd2 Qe7 18. f5 f6 19. Ne4 Kc7 20. Rf3 Qf7 21. Qf2 g5 22. g4 h5 23. h3 hxg4 24. hxg4 Rh4 25. Rg3 Bh8 26. Kg2 Qh7 27. Kf3 Rh2 28. Rg2 Qh3+ 29. Qg3 Rh7 30. Rag1 Rh4 31. Nf2 Qxg3+ 32. Kxg3 Rxg2+ 33. Rxg2 b5 34. cxb5 Bxb5 35. Ne4 Bd3 36. Nc3 Bg7 37. Rh2 Rxh2 38. Kxh2 Bf8 39. Kg3 Be7 40. Kf3 Kb6 41. Ke3 c4 42. Ba3 Kc7 43. Nb5+ Kd7 44. b4 axb4 45. Bxb4 Bf1 46. a4 Bg2 47. Nc3 Bd8 48. Kf2 Bh1 49. Kg3 Bb6 50. Kh2 Bf3 51. Kg3 e4 52. Nb1 Be2 53. Nd2 Bd3 54. Bc3 Be3 55. Nxc4 Bxc4 56. Bxf6 Bxd5 57. Bc3 Bc4 58. Kh2 d5 0-1

[Event "Osijek op"]
[Site "Osijek"]
[Date "2015.03.05"]
[Round "1"]
[White "Zagorscak, Dino"]
[Black "Orak, Tugomir"]
[Result "1/2-1/2"]
[WhiteElo "1707"]
[BlackElo "1973"]
[PlyCount "40"]
[EventDate "2015.03.05"]
[EventType "swiss"]
[EventRounds "7"]
[EventCountry "CRO"]
[SourceTitle "CBM 165 Extra"]
[Source "ChessBase"]
[SourceDate "2015.04.21"]
[SourceVersion "1"]
[SourceVersionDate "2015.04.21"]
[SourceQuality "1"]

1. e4 d5 2. exd5 Qxd5 3. Nc3 Qa5 4. d3 c6 5. Nf3 Bg4 6. Be2 Nf6 7. 0-0 e6 8. Ng5 Bf5 9. Nge4 Be7 10. Re1 0-0 11. Bd2 Qc7 12. Bg5 Nxe4 13. Nxe4 Rd8 14. Bxe7 Qxe7 15. Ng3 Bg6 16. Bh5 Nd7 17. Bxg6 hxg6 18. Qf3 Qf6 19. Qxf6 Nxf6 20. Rad1 Rd7 1/2-1/2

[Event "Osijek-ch op"]
[Site "Osijek"]
[Date "2014.02.20"]
[Round "1"]
[White "Lovric, Petar"]
[Black "Zagorscak, Dino"]
[Result "1-0"]
[WhiteElo "2010"]
[BlackElo "1647"]
[PlyCount "47"]
[EventDate "2014.02.20"]
[EventType "swiss"]
[EventRounds "7"]
[EventCountry "CRO"]
[SourceTitle "CBM 159 Extra"]
[Source "ChessBase"]
[SourceDate "2014.04.24"]
[SourceVersion "1"]
[SourceVersionDate "2014.04.24"]
[SourceQuality "1"]

1. d4 d5 2. c4 c6 3. Nc3 Nf6 4. e3 dxc4 5. Bxc4 g6 6. Nf3 Bg7 7. e4 0-0 8. e5 Nd5 9. Bxd5 cxd5 10. Qb3 e6 11. 0-0 Nc6 12. Be3 f6 13. exf6 Bxf6 14. Bh6 Re8 15. Rad1 Qa5 16. a3 a6 17. Rfe1 b5 18. Nxd5 Bxd4 19. Nxd4 Nxd4 20. Qd3 Nf5 21. Nf6+ Kf7 22. Nxe8 Kxe8 23. Bg5 Kf7 24. Qf3 1-0

[Event "Valpovo op U20"]
[Site "Valpovo"]
[Date "2013.12.07"]
[Round "5"]
[White "Zagorscak, Dino"]
[Black "Sokac, Marko"]
[Result "0-1"]
[WhiteElo "1647"]
[BlackElo "2035"]
[PlyCount "62"]
[EventDate "2013.12.06"]
[EventType "swiss"]
[EventRounds "7"]
[EventCountry "CRO"]
[SourceTitle "CBM 157 Extra"]
[Source "ChessBase"]
[SourceDate "2013.12.19"]
[SourceVersion "1"]
[SourceVersionDate "2013.12.19"]
[SourceQuality "1"]

1. e4 c5 2. d3 Nc6 3. f4 g6 4. Nf3 Bg7 5. Nc3 Nh6 6. Be2 f5 7. e5 d6 8. exd6 exd6 9. 0-0 0-0 10. h3 Re8 11. Nd5 Be6 12. Ne3 Qb6 13. c3 Nf7 14. Re1 d5 15. Nc2 d4 16. c4 Re7 17. b3 Rae8 18. Bb2 Qc7 19. g3 g5 20. Qd2 Bh6 21. Bc1 Kh8 22. Kh2 Rg8 23. Rg1 gxf4 24. gxf4 Rxg1 25. Kxg1 Re8 26. h4 Rg8+ 27. Kh1 Rg4 28. Qe1 Bxf4 29. Ng5 Bg3 30. Nxe6 Qe7 31. Qf1 Qxh4+ 0-1

[Event "CRO-chT U20 22nd"]
[Site "Durdevac"]
[Date "2013.03.29"]
[Round "8"]
[White "Zagorscak, Dino"]
[Black "Bosnjak, Petar"]
[Result "0-1"]
[WhiteElo "1683"]
[BlackElo "2056"]
[PlyCount "124"]
[EventDate "2013.03.25"]
[EventType "team-tourn"]
[EventRounds "9"]
[EventCountry "CRO"]
[SourceTitle "CBM 153 Extra"]
[Source "ChessBase"]
[SourceDate "2013.04.22"]
[SourceVersion "1"]
[SourceVersionDate "2013.04.22"]
[SourceQuality "1"]

1. e4 d6 2. d4 Nf6 3. Nc3 e5 4. dxe5 dxe5 5. Qxd8+ Kxd8 6. Bc4 Ke8 7. f3 c6 8. a4 Bc5 9. Nd1 Nbd7 10. Be3 Ke7 11. Bxc5+ Nxc5 12. Ne3 a5 13. Ne2 g6 14. b3 Nfd7 15. 0-0-0 Nb6 16. Kb2 f6 17. Nc3 Nxc4+ 18. Nxc4 Be6 19. Ne3 Rhd8 20. Rxd8 Kxd8 21. Rd1+ Kc7 22. Ne2 b6 23. Nc1 f5 24. exf5 gxf5 25. Nd3 Nxd3+ 26. Rxd3 f4 27. Nd1 Rg8 28. Rd2 Bf5 29. Nc3 Rg6 30. Kc1 Re6 31. Re2 Kd6 32. Kd2 Kc5 33. Ne4+ Kb4 34. Kc1 Bxe4 35. Rxe4+ Ka3 36. g3 fxg3 37. hxg3 Rf6 38. Re3 Rf5 39. c4 Rg5 40. g4 h5 41. gxh5 Rxh5 42. Kc2 Rh2+ 43. Kc1 c5 44. Rd3 Rb2 45. b4+ Rb3 46. Rd5 Rxb4 47. Rxe5 Rxc4+ 48. Kb1 Kxa4 49. Re2 Rf4 50. Re6 Kb5 51. Re3 a4 52. Kb2 Ka5 53. Ka1 b5 54. Kb2 b4 55. Ka1 Kb5 56. Kb2 c4 57. Ka1 b3 58. Kb2 Kb4 59. Kb1 a3 60. Ka1 Rd4 61. Re1 a2 62. Rc1 Ka3 0-1

[Event "Osijek op"]
[Site "Osijek"]
[Date "2013.02.21"]
[Round "2.34"]
[White "Dzaja, Martin Zorislav"]
[Black "Zagorscak, Dino"]
[Result "1-0"]
[WhiteElo "1938"]
[BlackElo "1613"]
[PlyCount "45"]
[EventDate "2013.02.21"]
[EventType "swiss"]
[EventRounds "7"]
[EventCountry "CRO"]
[SourceTitle "EXT 2014"]
[Source "ChessBase"]
[SourceDate "2013.11.20"]
[SourceVersion "1"]
[SourceVersionDate "2013.11.20"]
[SourceQuality "1"]

1. e4 c5 2. Nf3 a6 3. c3 d6 4. d4 cxd4 5. cxd4 e6 6. Bd3 Nf6 7. 0-0 Be7 8. Nc3 0-0 9. e5 dxe5 10. dxe5 Nd5 11. Nxd5 Qxd5 12. Qc2 h6 13. Rd1 Qc6 14. Qe2 b5 15. Be4 Qc4 16. Qxc4 bxc4 17. Bxa8 Bc5 18. Be3 Nd7 19. Bc6 Bxe3 20. fxe3 Nc5 21. Rd4 Nb7 22. Bxb7 Bxb7 23. Rxc4 1-0

[Event "Osijek-ch op"]
[Site "Osijek"]
[Date "2011.02.25"]
[Round "3"]
[White "Zagorscak, Dino"]
[Black "Plenca, Jadranko"]
[Result "1/2-1/2"]
[WhiteElo "1829"]
[BlackElo "1842"]
[PlyCount "112"]
[EventDate "2011.02.24"]
[EventType "swiss"]
[EventRounds "7"]
[EventCountry "CRO"]
[SourceTitle "EXT 2012"]
[Source "ChessBase"]
[SourceDate "2011.11.24"]
[SourceVersion "1"]
[SourceVersionDate "2011.11.24"]
[SourceQuality "1"]

1. e4 e5 2. Nf3 Nc6 3. d4 exd4 4. Nxd4 Nf6 5. Nc3 Bb4 6. Nxc6 bxc6 7. Bd2 d5 8. exd5 cxd5 9. Qe2+ Qe7 10. Qxe7+ Kxe7 11. a3 Bc5 12. Bg5 c6 13. Bxf6+ Kxf6 14. Bd3 Re8+ 15. Kd2 Rb8 16. Rab1 Bf5 17. Bxf5 Kxf5 18. b4 Bd4 19. Ne2 Bb6 20. f3 Re3 21. Rb3 Rxb3 22. cxb3 Re8 23. Ng3+ Kf6 24. Re1 Rxe1 25. Kxe1 Bc7 26. Ne2 Be5 27. Kd2 Ke6 28. h3 h5 29. Ke3 Kd6 30. g4 hxg4 31. hxg4 g6 32. Kd3 g5 33. Ng1 Ke6 34. a4 a6 35. Nh3 f6 36. Nf2 Bg3 37. Nd1 Bd6 38. b5 axb5 39. axb5 cxb5 40. Kd4 b4 41. Ne3 Be5+ 42. Kc5 d4 43. Nd1 f5 44. Nf2 fxg4 45. fxg4 Bg7 46. Nd3 Bf6 47. Kc4 Kd6 48. Nxb4 Ke5 49. Nd3+ Ke4 50. b4 Kf3 51. b5 Kxg4 52. b6 Bd8 53. b7 Bc7 54. Kxd4 Kf3 55. Ne5+ Kf4 56. Nd3+ Kf3 1/2-1/2